| 000 | 00763cam a2200229 a 4500 | ||
|---|---|---|---|
| 001 | 12600109 | ||
| 005 | 20180308082154.0 | ||
| 008 | 011127s2000 caua b 000 0 eng | ||
| 010 | _a 2001280260 | ||
| 020 | _a0898158591 | ||
| 040 |
_aDLC _cDLC _dDLC |
||
| 041 | _aeng | ||
| 080 | _a248.88 BOL | ||
| 082 | 0 | 0 |
_a248.88 BOL _221 |
| 100 | 1 | _a57 | |
| 101 | _aBIZ | ||
| 245 | 1 | 0 |
_aHow to find your mission in life / _cRichard Nelson Bolles. |
| 504 | _aIncludes bibliographical references (p. 65-67). | ||
| 906 |
_a7 _bcbc _corigcop _d2 _encip _f20 _gy-gencatlg |
||
| 942 |
_2ddc _cBK |
||
| 999 |
_c44499 _d44499 |
||